| 000 | 00553nam a22001817a 4500 | ||
|---|---|---|---|
| 003 | CEME | ||
| 005 | 20210628210134.0 | ||
| 008 | 210215b xxu||||| |||| 00| 0 eng d | ||
| 020 | _a0-7645-3158-1 | ||
| 040 | _c. | ||
| 082 | _a004.62 ZAC | ||
| 100 |
_aZacker, Craig _962814 |
||
| 245 | _aTcp-ip administration develop an effective network with tcp-ip | ||
| 260 |
_aFOSTER CITY _bIDG BOOKS _c1998 |
||
| 300 | _aXIX,636P | ||
| 650 |
_aIP ADDRESSSING SUBNETTING ETHERNET ARP ICMP DNS IP ROUTING NETWORK TRAFFIC ANALYSIS DHCP _978258 |
||
| 942 |
_cBK _2ddc |
||
| 999 |
_c583406 _d583406 |
||